| 000 | 00649nam a2200253Ia 4500 | ||
|---|---|---|---|
| 003 | OSt | ||
| 005 | 20221006160938.0 | ||
| 006 | a|||||r|||| 00| 0 | ||
| 007 | ta | ||
| 008 | 221006b |||||||| |||| 00| 0 eng d | ||
| 020 | _a9780143107699 | ||
| 024 | _a46,912 | ||
| 037 | _cTextual | ||
| 040 |
_aEASL _cEASL _beng |
||
| 041 |
_2eng _aeng |
||
| 082 | _aO495,3J69,1, Q6 | ||
| 100 |
_aKANG Minsoo _9675523 |
||
| 245 | 0 | _aStory of Hong Gildong. | |
| 260 |
_aNew York _bPenguin Books New _c2016 |
||
| 300 |
_a100p. _ccm. |
||
| 490 | _v KEL | ||
| 942 |
_hO495,3J69,1, Q6 _cTEXL _2CC |
||
| 999 |
_c1115001 _d1115001 |
||